| 000 | 00558nam a22001937a 4500 | ||
|---|---|---|---|
| 999 |
_c1362 _d1362 |
||
| 003 | AR-CdUCM | ||
| 008 | 190226b ||||| |||| 00| 0 spa d | ||
| 040 |
_aMUNICIPALIDAD PROVINCIAL DEL CUSCO _cBIBLIOTECA MUNICIPAL DEL CUSCO |
||
| 082 |
_a869.56 / _bB93 |
||
| 100 |
_aBuona, Eugenio _95210 |
||
| 245 | _aLos arúspices / | ||
| 260 |
_aLima : _bRetablo, _c1977. |
||
| 300 |
_a65 páginas ; _c20 cm. |
||
| 650 |
_aPoesías peruanas _91481 |
||
| 650 |
_aPoesías siglo XX _93861 |
||
| 650 |
_aLiteratura peruana _9169 |
||
| 942 |
_2ddc _cLIBROS |
||
| 945 | _azta | ||